00514nam a2200181Ii 45000010005000000030009000050080041000140400033000550410008000880820016000961000023001122450036001352640068001713000012002393360026002513370028002773380027003055720CO-ViMGA241108s9999||||xx |||||||||||||| ||und|| aCO-ViMGAbspaerdacCO-ViMGA0 aunk04a843.8-M777c1 aXavier de Montepin10aLos compañeros de la Antorcha 1a[Lugar de publicación no identificado] : Ramón Sopena, 1957 avolumen atextbtxt2rdacontent aunmediatedbn2rdamedia avolumebnc2rdacarrier